000 00534nam a2200181Ia 4500
008 090124s9999 xx 000 0 und d
082 _b10790
_a247
100 _aकाणेकर अनंत
245 _a रक्ताचीं फुलें
250 _a1
260 _c1959
300 _a74
600 _aकाणेकर अनंत
630 _a रक्ताचीं फुलें
700 _aकाणेकर अनंत
730 _a रक्ताचीं फुलें
942 _cBOOK
999 _c124934
_d124934